How to be perfect : (Record no. 491407)
[ view plain ]
| 000 -LEADER | |
|---|---|
| fixed length control field | 00936nam a22002417a 4500 |
| 003 - CONTROL NUMBER IDENTIFIER | |
| control field | OSt |
| 005 - DATE AND TIME OF LATEST TRANSACTION | |
| control field | 20260312123332.0 |
| 008 - FIXED-LENGTH DATA ELEMENTS--GENERAL INFORMATION | |
| fixed length control field | 260312b |||||||| |||| 00| 0 eng d |
| 020 ## - INTERNATIONAL STANDARD BOOK NUMBER | |
| International Standard Book Number | 9781529421361 |
| 040 ## - CATALOGING SOURCE | |
| Original cataloging agency | Kenya National Library Service |
| 082 ## - DEWEY DECIMAL CLASSIFICATION NUMBER | |
| Classification number | 170 SCH |
| 100 ## - MAIN ENTRY--PERSONAL NAME | |
| Personal name | Schur, Michael |
| 245 ## - TITLE STATEMENT | |
| Title | How to be perfect : |
| Remainder of title | the correct answer to every moral question / |
| Statement of responsibility, etc. | Michael Schur. |
| 300 ## - PHYSICAL DESCRIPTION | |
| Extent | xi, 289 pages : |
| Other physical details | illustrations ; |
| Dimensions | 19 cm |
| 504 ## - BIBLIOGRAPHY, ETC. NOTE | |
| Bibliography, etc. note | Includes bibliographical references and index |
| 520 ## - SUMMARY, ETC. | |
| Summary, etc. | The book breaks down the history of ethics into inspiring everyday wisdom. it is a fool-proof guide to making the correct moral decision in every situation you could ever encounter, anywhere on earth. |
| 650 ## - SUBJECT ADDED ENTRY--TOPICAL TERM | |
| Topical term or geographic name entry element | Moral philosophy |
| 650 ## - SUBJECT ADDED ENTRY--TOPICAL TERM | |
| Topical term or geographic name entry element | Decision making—Moral and ethical aspects |
| 650 ## - SUBJECT ADDED ENTRY--TOPICAL TERM | |
| Topical term or geographic name entry element | Ethics |
| 942 ## - ADDED ENTRY ELEMENTS (KOHA) | |
| Source of classification or shelving scheme | Dewey Decimal Classification |
| Koha item type | Books |
| Suppress in OPAC | No |
| Withdrawn status | Source of classification or shelving scheme | Damaged status | Not for loan | Home library | Current library | Date acquired | Source of acquisition | Cost, normal purchase price | Total checkouts | Full call number | Barcode | Date last seen | Price effective from | Koha item type |
|---|---|---|---|---|---|---|---|---|---|---|---|---|---|---|
| Dewey Decimal Classification | Buru Buru Library | Buru Buru Library | 03/12/2026 | BAI | 749.00 | 170 SCH | B231025 | 03/12/2026 | 03/12/2026 | Books |
